| 000 | 00580pab a2200181 454500 | ||
|---|---|---|---|
| 008 | 180718b2015 xxu||||| |||| 00| 0 eng d | ||
| 100 | _aPandey, D.D. | ||
| 245 | _aZero level code of early childhood care and education in special category states: access, teacher training, best practices and role of institutions of higher learning | ||
| 260 | _c2015 | ||
| 300 | _ap.10-22. | ||
| 362 | _a22 Jun | ||
| 650 | _aTraining | ||
| 650 | _aHigher education | ||
| 650 | _aTeachers education | ||
| 650 | _aEarly childhood education | ||
| 773 | _aUniversity News | ||
| 909 | _a108303 | ||
| 999 |
_c108298 _d108298 |
||